000 00963cab a2200217 4500
001 ##L133505
008 060515n2006 000 0 eng u
035 _a(Sirsi) u133505
041 0 _aeng
100 1 _aJack, Simon
245 0 0 _aFocus two
_bHampshire and Dorset
260 _c2006
490 0 _aEstates Gazette
_v(0618) 6 May 2006, 107-123(7)
520 _aCovers retail schemes in Bournemouth, Southampton, Portsmouth and Winchester which are going some way towards meeting rising requirements. Reports on the regional office market with times still hard for Blackwater developers but good conditions obtaining for those on the M27. Sees the lack of developable land causing fierce competition in the regional industrial property market with rent increases likely.
590 _aIKA230506
651 4 _aDORSET
651 4 _aHAMPSHIRE
690 _aPROPERTY-COMMERCIAL PROPERTY-COMMERCIAL PROPERTY MARKET
700 1 _aTaylor, Andrew
942 _n0
999 _c77047
_d77047